Európska akciová spoločnosť (SE) bakalárska práca

Salvato in:
Dettagli Bibliografici
Autore principale: Kupcová, Linda
Ente Autore: Obchodná fakulta EU. Katedra obchodného práva
Altri autori: Borodovčák, Milan
Natura: Libro
Lingua:slovacco
Pubblicazione: Bratislava 2009
Tags: Aggiungi Tag
Nessun Tag, puoi essere il primo ad aggiungerne!!

MARC

LEADER 00000nam$a2200000$$$4500
001 0096926
005 20240320074934.4
041 0 |a slo 
044 |a SK 
245 1 0 |a Európska akciová spoločnosť (SE)  |b bakalárska práca  |c Linda Kupcová ; škol. Milan Borodovčák 
264 1 |a Bratislava  |c 2009 
300 |a 48 s. 
100 1 |a Kupcová, Linda 
700 1 |a Borodovčák, Milan 
710 2 |a Obchodná fakulta EU. Katedra obchodného práva